书目信息 |
| 题名: |
材料力学
|
|
| 作者: | 费奥多谢夫 著 ;蒋维城 译 | |
| 分册: | ||
| 出版信息: | 北京 高等教育出版社 1985.6 |
|
| 页数: | 610页 | |
| 开本: | 20cm | |
| 丛书名: | ||
| 单 册: | ||
| 中图分类: | TB301 | |
| 科图分类: | ||
| 主题词: | 工程材料 | |
| 电子资源: | ||
| ISBN: | ||
| 000 | 00588nam0 2200193 45 | |
| 001 | 0312221749 | |
| 005 | 20051207152318.25 | |
| 010 | @dCNY4.40 | |
| 100 | @a20031222d1985 km y0chiy0120 ea | |
| 101 | @achi | |
| 200 | 1 | @a材料力学@ACai Liao Li Xue@f(苏)В·И·费奥多谢夫著@F(su)В·И·fei ao duo xie fu zhu@g蒋维城等译 |
| 210 | @a北京@c高等教育出版社@d1985.6 | |
| 215 | @a610页@d20cm | |
| 606 | 0 | @a工程材料 |
| 690 | @aTB301@v3 | |
| 701 | 0 | @a费奥多谢夫@Afei ao duo xie fu@4著 |
| 702 | 0 | @a蒋维城@4译 |
| 801 | @aCN@bTSTCL@c20051207 | |
| 905 | @a213230@dTB301@e1@b4391-392@f2@b159619-620@f2 | |
| 材料力学/(苏)В·И·费奥多谢夫著/蒋维城等译.-北京:高等教育出版社,1985.6 |
| 610页;20cm |
| ISBN :CNY4.40 |
| ● |
| 相关链接 |
|
|
|
|
正题名:材料力学
索取号:TB301/1
 
预约/预借
| 序号 | 登录号 | 条形码 | 馆藏地/架位号 | 状态 | 备注 |
| 1 | 0159618 | 202153935 | 密集书库/ [索取号:TB301/1] | 在馆 | |
| 2 | 0159619 | 001357944 | 密集书库/ [索取号:TB301/1] | 在馆 | |
| 3 | 0159620 | 001357980 | 第二样本阅览室/ [索取号:TB301/1] | 在馆 |